Šťastie a ekonomický rast - vzájomné vzťahy a súvislosti

Ekonomický rast a rast hrubého domáceho produktu ako hlavné kritériá prosperity krajín. Zmeny v kritériách hodnotenia bohatstva, šťastia a spokojnosti v súčasnej dobe. Zvýšenie ekonomického rastu a životnej úrovne verzus neúmerný rast pocitov šťastia. Prehľad o determinantoch pocitov šťastia a podne...

Celý popis

Uložené v:
Podrobná bibliografia
Hlavný autor: Bláhová, Mária
Médium: Kapitola
Jazyk:Slovak
Predmet:
Tagy: Pridať tag
Žiadne tagy, Buďte prvý, kto otaguje tento záznam!

MARC

LEADER 00000nla$a2200000$$$4500
001 0090147
005 20240502083231.3
041 0 |a slo 
044 |a CZ 
245 1 0 |a Šťastie a ekonomický rast - vzájomné vzťahy a súvislosti  |c Mária Bláhová 
520 |a Ekonomický rast a rast hrubého domáceho produktu ako hlavné kritériá prosperity krajín. Zmeny v kritériách hodnotenia bohatstva, šťastia a spokojnosti v súčasnej dobe. Zvýšenie ekonomického rastu a životnej úrovne verzus neúmerný rast pocitov šťastia. Prehľad o determinantoch pocitov šťastia a podnety na zamyslenie, či je táto problemtika dôležitá pre zvýšenie kvality života. Termín: indikátor hrubého národného šťastia. Šťastné národy. 
610 2 0 |a situácia hospodárska 
610 2 0 |a rast hospodársky 
610 2 0 |a úroveň životná 
610 2 0 |a kvalita života 
610 2 0 |a blahobyt 
610 2 0 |a rodina 
610 2 0 |a príjmy 
610 2 0 |a psychológia 
100 1 |a Bláhová, Mária